[Event "2025 Spring TNM: u1600"]
[Site "San Francisco"]
[Date "2025.04.15"]
[Round "7.25"]
[White "Le, Thu Anh"]
[Black "Wickliffe, Zachary"]
[Result "0-1"]
[Annotator "Le,Thu Anh"]
[WhiteElo "1204"]
[BlackElo "1260"]
[PlyCount "96"]
[Beauty "7080522028040"]
[GameId "2167517420106442"]
[EventDate "2025.??.??"]

{[%evp 0,48,15,29,37,15,22,33,38,44,44,27,71,45,53,55,57,69,69,63,68,62,88,95,110,92,136,109,93,83,97,82,75,-8,40,-23,-38,-95,86,12,21,16,49,51,-40,50,65,-5,54,64,24]} 1. d4 c5 2. d5 Nf6 3. c4 b5 4. cxb5 a6 5. bxa6 g6 6. Nc3 Bg7 7. a7 {Trying out a new fun line against the Benko.} Rxa7 8. e4 O-O 9. Nf3 d6 10. Be2 Bg4 11. O-O Qb6 12. h3 Bxf3 13. Bxf3 Na6 14. a3 {Does not actually do anything.} (14. a4 {Should have gone as planned. Nb4 spooked me, but there's no threat.} Nb4 15. Bd2) 14... Nd7 15. Be2 {Spent 20 minutes here to calculate if Black has any threat. This looks like the most sensible move. It's  a better diagonal for the bishop.} (15. Rb1 $4 {Blunders a piece.} Bxc3) (15. Ra2 {Also considers this, but wanted to wait for a4 then Ra3 to push b3.}) 15... Rb8 16. Bxa6 {I thought this was clever, eliminating Nb4 and also get a4 in. But it's actually isn't very good.} (16. a4 Qb3 17. Nb5 Qxd1 18. Rxd1) (16. Bd2 Nc7 (16... Qxb2 $4 {The queen would be trapped.} 17. Rb1 Bxc3 18. Rxb2)) 16... Qxa6 17. a4 Rb4 18. Qc2 (18. Nb5 $4 Rxb5 {Loses the knight.}) 18... Qc4 {Completely missed this move.} (18... Rc4 {What I expected.} 19. Bd2) 19. Bd2 Bxc3 20. Bxc3 Qxe4 21. Qxe4 (21. Qd2 {I debated on this sequence, but didn't want to let go of the passed a-pawn because I thought I needed it to win. In hindsight White gets more play here.} Rbxa4 22. Qh6 f6 23. Rae1) 21... Rxe4 22. a5 Ne5 23. Rfe1 Rxe1+ 24. Rxe1 Nc4 25. Ra1 f6 26. b3 Ne5 27. Bxe5 {This is a very strange move. My first instinct was to play b4, and I don't know what went through my head.} (27. b4 cxb4 (27... c4 28. b5 {White gets the passed pawn.}) 28. Bxb4 Nd7) (27. Kf1) 27... fxe5 28. a6 Kf7 29. Kf1 e6 30. dxe6+ Kxe6 31. Ke2 d5 32. Ra4 (32. Kd3 Kd6 33. Kc3) 32... Kd6 33. f3 $6 {Tried to prevent e4 but it's unnecessary.} Kc6 34. Kd3 $4 (34. Ra5 {I calculated this move and thought it'd be a blunder since I'm giving Black a passed b-pawn. It's probably the only chance left for a draw, though still not easy to defend.} Kb6 35. b4 cxb4 36. Rxd5 Rxa6 37. Kd3 Ra2) 34... Kb5 35. Ra1 {The rest is lost for White.} Rxa6 36. Re1 Re6 37. Re2 Kb4 38. Rc2 e4+ 39. fxe4 Rxe4 40. Rf2 Kxb3 41. Rf7 c4+ 42. Kd2 c3+ 43. Kd3 Rb4 44. Rc7 d4 45. Rc6 Kb2 46. Rc7 Kb1 47. Rc6 Rb2 48. Kxd4 c2 0-1

[Event "2025 Spring TNM: u1600"]
[Site "San Francisco"]
[Date "2025.04.15"]
[Round "7.26"]
[White "Hack, Richard"]
[Black "Vazquez, Dominic A"]
[Result "0-1"]
[Annotator "Hack,Richard"]
[WhiteElo "1500"]
[BlackElo "1206"]
[PlyCount "46"]
[Beauty "8246739888649"]
[GameId "2167480724737353"]
[EventDate "2025.??.??"]

1. c4 e5 2. g3 Nf6 3. Bg2 d5 4. cxd5 Nxd5 5. Nc3 Be6 6. Nf3 Nc6 7. O-O Qd7 8. d3 O-O-O 9. Ng5 Nxc3 10. bxc3 Bf5 11. Bxc6 Qxc6 {I was sorry I gave up my good king bishop; I was sure I was going to win the exchange with Nxf7 or have good mating threats if he took back with the b-pawn. He also had a mating threat or win of the exchange with his queen on c6 and bishop at h3.} 12. Bd2 Rd7 13. Nf3 {I also thought about Qb3 and taking the bishop if he played it back to e6.} Bd6 14. Re1 f6 15. Qb3 {Foolishly overlooking Black's win of a pawn.} Bxd3 16. exd3 Qxf3 17. Re3 Qf5 18. Rb1 c6 19. Qa4 Bc5 20. Qc4 Bxe3 21. Bxe3 Qxd3 {Now he has 2 pawns and the exchange and I haven't got much else going for me here.} 22. Qb4 Rhd8 23. Bxa7 Qxb1+ {Sayonara. Come back in three weeks and try again.} 0-1

[Event "2025 Spring TNM: u1600"]
[Site "San Francisco"]
[Date "2025.04.15"]
[Round "7.27"]
[White "Merk, Felix Elias"]
[Black "Kojevnikov, Alexander"]
[Result "1-0"]
[WhiteElo "1304"]
[BlackElo "1045"]
[PlyCount "99"]
[Beauty "7010212907527"]
[GameId "2167480724737354"]
[EventDate "2025.??.??"]

1. d4 d5 2. c4 e6 3. Nc3 c5 4. cxd5 exd5 5. Nf3 Nc6 6. g3 Nf6 7. Bg2 cxd4 8. Nxd4 Bc5 9. Be3 Bb6 10. O-O O-O 11. Na4 Nxd4 12. Nxb6 Nxe2+ 13. Qxe2 axb6 14. Rfd1 Bg4 15. f3 Be6 16. Qb5 Qc7 17. Qxb6 Qxb6 18. Bxb6 Ra6 19. Bf2 Rd8 20. Rd4 Rc6 21. Rad1 Rc2 22. R4d2 Rdc8 23. Bd4 Ne8 24. Bc3 Rxd2 25. Rxd2 Nd6 26. Rd3 Nb5 27. a4 Nxc3 28. bxc3 Rc4 29. f4 Rxa4 30. Bxd5 Bxd5 31. Rxd5 Ra8 32. Rd7 b5 33. Rb7 h5 34. Rxb5 Rc8 35. Rb3 Kh7 36. Kf2 Kg6 37. Ke3 Kf5 38. Kd4 Kg4 39. c4 Kh3 40. Rb2 Rd8+ 41. Ke5 f6+ 42. Ke6 Rc8 43. Rc2 Rc6+ 44. Kd5 Rc7 45. c5 g5 46. f5 Kg4 47. Kd6 Ra7 48. c6 Ra6 49. Ke6 h4 50. gxh4 1-0

[Event "2025 Spring TNM: u1600"]
[Site "San Francisco"]
[Date "2025.04.15"]
[Round "7.29"]
[White "Cao, Danny Du Uy"]
[Black "Braithwaite, Andrew"]
[Result "1/2-1/2"]
[Annotator "Cao,Danny / Winslow,Elliott"]
[WhiteElo "1174"]
[BlackElo "1126"]
[PlyCount "175"]
[Beauty "3986665009674"]
[GameId "2167368709899404"]
[EventDate "2025.??.??"]

{[%evp 0,175,17,23,6,19,14,11,1,10,10,7,0,-2,20,11,5,5,3,2,1,48,13,-30,10,-18,-13,-22,-27,-27,6,-39,0,37,-31,-19,18,116,25,99,32,-27,-3,12,36,27,2,33,-60,22,35,37,6,31,4,-1,43,88,56,19,13,39,-3,10,61,19,24,30,12,29,9,-11,38,-1,-18,1,1,1,25,-300,-255,-304,-316,-219,-339,-368,-315,-358,-350,-400,-158,-273,-127,-299,-295,-302,-301,-220,-208,-266,-200,-197,-198,-278,-291,-298,-199,-299,-155,-315,-317,-354,-358,-353,-355,-353,-347,-363,-288,-261,-240,-361,-283,-368,-271,-268,-291,-294,-202,-231,-206,-327,-290,-378,-364,-406,-540,-581,-392,-487,-494,-549,-568,-29995,-421,-515,-516,-2387,-1717,-1657,-617,-976,-2342,-1279,0,-1,0,0,0,-1,-1,-1,0,0,0,-621,-705,-952,-952,-952,-513,-755,-755,-912,-1012,-1279,0,0]} 1. d4 Nf6 2. e3 g6 3. Nf3 Bg7 4. Be2 O-O 5. O-O d6 6. b3 e5 7. Bb2 (7. dxe5 dxe5 (7... Ng4) 8. Qxd8 Rxd8 9. Nxe5 $2 Nfd7 $17) 7... e4 8. Nfd2 d5 $6 (8... Re8) (8... c6) (8... h5) (8... Bf5) 9. c4 c6 10. Nc3 h5 11. cxd5 cxd5 12. a4 Nc6 13. Ba3 Re8 {White 1 hr 21 min... Black 1 hr 19 min} 14. b4 a6 15. Qc2 Bg4 16. Nb3 Bxe2 17. Qxe2 Rc8 18. Rfc1 Ne7 19. b5 a5 20. Qd2 b6 {white 49 min ... Black 54 min} 21. Ne2 Nf5 22. Rxc8 Qxc8 23. Rc1 Qb8 24. Qc2 Nd6 25. Bxd6 Qxd6 26. Nd2 Bf8 27. Qb3 Qb8 28. Nf4 Bb4 29. Nb1 Rc8 30. Rc6 (30. Rxc8+ Qxc8 $17 31. Nxd5 $4 Qc1+) 30... Rxc6 31. bxc6 b5 $2 {White 24 min Black 20 min} (31... Qd6 $15) 32. Nc3 (32. axb5 $2 Qxb5 $17) (32. Nxd5 Nxd5 33. Qxd5 bxa4 34. g3 $11) 32... Bxc3 33. Qxc3 bxa4 34. h3 Qc7 35. Qc5 a3 36. Qxa3 g5 37. Ne2 Qxc6 38. Qxa5 Qc4 39. Qc3 $4 {blunder... thought I was offering a queen trade.... didn't realize the knight was hanging ... White 10 min... Black 7 min} Qxe2 40. Qc8+ Kg7 41. Qf5 Nh7 {White 9 min ... Black 6 min} 42. Qe5+ Kg8 43. Qb8+ (43. Qe8+ Nf8 44. Qe5) 43... Nf8 44. Qg3 f6 45. Qd6 Qe1+ 46. Kh2 Qxf2 47. Qxd5+ Kg7 48. Qb7+ Kg6 49. Qxe4+ Qf5 50. Qe8+ Kg7 51. Qe7+ Kg8 52. Qb7 h4 {White 3 min... Black 2 min} 53. Qb3+ Kg7 54. d5 Qe5+ 55. Kg1 Nd7 56. Kh1 Qa1+ 57. Kh2 Qe5+ 58. Kh1 Qd6 59. Qb7 Kh6 60. e4 Kg6 61. Qb1 Qe5 62. Qb5 Nf8 63. Qe2 f5 64. Qa6+ Kh5 65. Qe2+ g4 66. hxg4+ fxg4 67. Kg1 Nh7 68. Qb5 Qxe4 69. d6+ Ng5 70. d7 Qd4+ 71. Kh1 g3 72. Qf1 Qxd7 73. Kg1 Qd4+ 74. Kh1 Qg4 (74... h3 $1 {[%emt 0:00:07] is mate in}) 75. Kg1 Qd4+ 76. Kh1 {[#]} Qf2 $4 $11 {(Now it's drawn!)} 77. Qd1+ $1 {Oops! White is stalemated as soon as he gets rid of his queen. But Danny didn't realize that that was necessary.} (77. Qxf2 $4 gxf2 78. g4+ {is mate for Black every which way.}) 77... Kh6 (77... Nf3 $5 78. Qd5+ $1 (78. Qxf3+ $4)) (77... Kg6 {And again: White has to find the *one* move to draw...}) 78. Qd6+ {Here this is good enough --} ({but also here, "simpler" was:} 78. Qh5+ $1 Kg7 79. Qxg5+ {White can keep checking without any untoward queen blocks or trades.}) 78... Kh5 79. Qd1+ Nf3 80. Qd5+ $1 Ng5 81. Qd1+ (81. Qxg5+ $1 $11 {*definitely* ends it}) 81... Kg6 {[#]} 82. Qd6+ $4 (82. Qh5+ $1) 82... Qf6 $1 {No stalemate now, nor perpetual -- now Black is winning} 83. Qd3+ Kg7 84. Qd7+ Qf7 85. Qd4+ Qf6 86. Qd7+ Kh6 87. Qd1 {[#]} Qf2 $4 {Noooooo!} 88. Qd6+ $11 {Black offers draw... White accepts... White offered draws twice earlier in the game} (88. Qh5+ $1) 1/2-1/2

[Event "2025 Spring TNM: u1600"]
[Site "San Francisco"]
[Date "2025.04.15"]
[Round "7.30"]
[White "Burkhardt, Douglas Alan"]
[Black "Singer, Andrew"]
[Result "0-1"]
[WhiteElo "739"]
[BlackElo "1044"]
[PlyCount "90"]
[Beauty "7284801405450"]
[GameId "2167480724737357"]
[EventDate "2025.??.??"]

1. d4 Nf6 2. Nf3 d5 3. g3 Bf5 4. Bg2 e6 5. c4 Be7 6. Nc3 O-O 7. cxd5 exd5 8. O-O c6 9. Bf4 Nbd7 10. e3 Be6 11. Re1 Ne4 12. Nxe4 dxe4 13. Ne5 g5 14. Nxd7 Qxd7 15. Be5 f6 16. Bxe4 fxe5 17. Qh5 Bf5 18. Bb1 Bxb1 19. Raxb1 Qf5 20. Rbd1 Qxf2+ 21. Kh1 Qf3+ 22. Qxf3 Rxf3 23. Kg2 Rf6 24. dxe5 Re6 25. Rd7 b6 26. Red1 Rxe5 27. Rb7 Rd8 28. Rxe7 Rxd1 29. Rxe5 Rd2+ 30. Kh3 Rxb2 31. Rxg5+ Kf7 32. a4 a5 33. Rh5 Kg6 34. Rh4 Rb4 35. Rg4+ Rxg4 36. Kxg4 b5 37. h4 bxa4 38. h5+ Kf6 39. Kf4 a3 40. e4 a2 41. e5+ Ke6 42. Kg5 a1=Q 43. Kh6 Qxe5 44. g4 Kf7 45. g5 Qg7# 0-1

[Event "2025 Spring TNM: u1600"]
[Site "San Francisco"]
[Date "2025.04.15"]
[Round "7.33"]
[White "Olson, David R"]
[Black "Dunlap, Steven Alan"]
[Result "1-0"]
[Annotator "Winslow,Elliott"]
[WhiteElo "1400"]
[BlackElo "913"]
[PlyCount "111"]
[Beauty "6669950011423"]
[GameId "2167480724737359"]
[EventDate "2025.??.??"]

1. d4 Nf6 2. c4 e6 3. a3 d5 4. Nc3 g6 5. Bg5 Bg7 6. Nf3 O-O 7. e3 Qe8 8. Bd3 Nc6 9. c5 b6 10. b4 Bb7 11. Nb5 Qd7 12. Bf4 a6 13. Nxc7 Rac8 14. cxb6 Ne8 15. b5 e5 16. bxc6 Qxc6 17. Nxe5 Qxb6 18. Nd7 Qa5+ 19. Qd2 Qxd2+ 20. Kxd2 Nxc7 21. Nxf8 Bxf8 22. Rhc1 Ne6 23. Rxc8 Bxc8 24. a4 Nxf4 25. exf4 Bd6 26. g3 Bg4 27. Ke3 a5 28. Bb5 Be6 29. Rc1 Ba3 30. Rh1 Bf5 31. f3 Be6 32. g4 f5 33. gxf5 gxf5 34. Rg1+ Kh8 35. Rg2 Bc1+ 36. Kd3 Bxf4 37. Rc2 Bf7 38. Bd7 Bg6 39. h3 Be5 40. Rc8+ Kg7 41. dxe5 f4+ 42. Kd4 Bh5 43. Bg4 Bg6 44. e6 h5 45. Bxh5 Bxh5 46. e7 Be8 47. Kxd5 Kf7 48. Rxe8 Kxe8 49. Kd6 Kf7 50. Kd7 Kg6 51. e8=Q+ Kh6 52. h4 Kg7 53. h5 Kh7 54. Qg6+ Kh8 55. Qf6+ Kh7 56. Qxf4 {(and won)} 1-0